Normal view
MARC view
- Dr. Shahid Iqbal
Entry Personal Name
001 - CONTROL NUMBER
- control field: 16468
003 - CONTROL NUMBER IDENTIFIER
- control field: NUST
005 - DATE AND TIME OF LATEST TRANSACTION
- control field: 20190703054424.0
008 - FIXED-LENGTH DATA ELEMENTS
- fixed length control field: 190703|| aca||aabn | a|a d
040 ## - CATALOGING SOURCE
- Original cataloging agency: NUST
- Transcribing agency: NUST
100 ## - HEADING--PERSONAL NAME
- Personal name: Dr. Shahid Iqbal
670 ## - SOURCE DATA FOUND
- Source citation: Work cat.: (NUST): Mushtaq, Hadia 16466, Generalized Coherent state wavepacket dynamics by means of entropy /, 2015.
